Un espíritu prisionero / (Record no. 15429)

MARC details
000 -LEADER
campo de control de longitud fija 00998nam a2200265 i 4500
001 - NÚMERO DE CONTROL
campo de control 15429
003 - IDENTIFICADOR DE NÚMERO DE CONTROL
campo de control ES-MaACL
005 - FECHA Y HORA DE LA ÚLTIMA TRANSACCIÓN
campo de control 20240606121243.0
007 - CAMPO FIJO DE DESCRIPCIÓN FÍSICA--INFORMACIÓN GENERAL
campo de control de longitud fija t|
008 - DATOS DE LONGITUD FIJA--INFORMACIÓN GENERAL
campo de control de longitud fija 000308s1999 sp ||||1| spa d
020 ## - NÚMERO INTERNACIONAL ESTÁNDAR DEL LIBRO
Número Internacional Estándar del Libro 84-8109-256-8 (Galaxia Guternberg)
020 ## - NÚMERO INTERNACIONAL ESTÁNDAR DEL LIBRO
Número Internacional Estándar del Libro 84-226-7863-2 (Círculo de Lectores)
080 ## - NÚMERO DE LA CLASIFICACIÓN DECIMAL UNIVERSAL
Número de la Clasificación Decimal Universal 821.161.1-32"19"
100 0# - ENTRADA PRINCIPAL--NOMBRE DE PERSONA
Nombre de persona Tsvetaeva, Marina Ivanovna,
Fechas asociadas al nombre 1892-1941
9 (RLIN) 111614
245 13 - MENCIÓN DEL TÍTULO
Título Un espíritu prisionero /
Mención de responsabilidad, etc. Marina Tsvietáieva ; traducción de Selma Ancira ; prólogo de Irma Kúdrova ; epílogo de Ana Mª Moix.
260 ## - PUBLICACIÓN, DISTRIBUCIÓN, ETC.
Lugar de publicación, distribución, etc. Barcelona :
Nombre del editor, distribuidor, etc. Galaxia Gutenberg :
-- Círculo de Lectores,
Fecha de publicación, distribución, etc. [1999]
300 ## - DESCRIPCIÓN FÍSICA
Extensión 251 p. ;
Dimensiones 21 cm.
490 1# - MENCIÓN DE SERIE
Mención de serie Colección la tragedia de la cultura
700 1# - ENTRADA AGREGADA--NOMBRE PERSONAL
Nombre de persona Ancira, Selma,
Fechas asociadas al nombre 1956-
9 (RLIN) 21408
700 1# - ENTRADA AGREGADA--NOMBRE PERSONAL
Nombre de persona Kúdrova, Irma.
9 (RLIN) 68953
700 1# - ENTRADA AGREGADA--NOMBRE PERSONAL
Nombre de persona Moix, Ana María,
Fechas asociadas al nombre 1947-
9 (RLIN) 81820
830 0# - PUNTO DE ACCESO ADICIONAL DE SERIE-TÍTULO UNIFORME
Título uniforme Colección la tragedia de la cultura
9 (RLIN) 228573
852 ## - LOCALIZACIÓN
Ubicación ES-MaACL
Número de control de estantería L-22537
Sublocalización o colección R.127929
Holdings
Estatus retirado Estado de pérdida Estado de daño No para préstamo Biblioteca de origen Biblioteca actual Ubicación en estantería Fecha de adquisición Fuente de adquisición Total de préstamos Signatura topográfica completa Código de barras Visto por última vez Precio de reemplazo Tipo de ítem Koha
        Biblioteca del Ateneo de Madrid Biblioteca del Ateneo de Madrid Depósito 2 17/01/2008     L-22537 1015686 23/02/2023 23/02/2023 Libro impreso